000 01894nam a22002897a 4500
003 UA-OsUOA
001 114557
007 ta
008 20151111b un ||||| |||| 00| 0 ukr d
100 _aПелешенко Ю. В.
090 _a82.09(477)
_bП24
942 _cBK
040 _aUA-OsUOA
_bukr
_cUA-OsUOA
_dUA-OsUOA
245 _aУкраїнська література пізнього Середньовіччя (друга половина XIII - XV ст.): Джерела. Система жанрів. Духовні інтенції. Постаті
_bмонографія
300 _a608 с.
955 _a1
041 _aukr
080 _a82.09(477)
020 _a978-966-193-073-4
520 3 _aЗмістВступ. Основні проблеми длослідження української літератури пізнього Середньовіччя (друга половина XIII - XV ст.)1. Літературний процес другої половини XIII - XV ст.2. Категорії гріха, кари Божої, каяття і спасіння в українській літературі X
520 3 _aIII - XV ст.3. Туга за раєм4. Література епохи Передвідродження (кінець XIV - XV ст.): постаті та проблеми5.Духовні течії пізнього Середньовіччя і література6. Проблема єдності Церкви в українському письменстві XV ст.7. Тенденції розвитку ук
520 3 _aраїнської літератури пізнього Середньовіччя
260 _aК.
_bСтилос
_c2012
250 _n2-е вид., переробл і доповн.
650 7 _a82 Література. Літературознавство
_2UDC
999 _c400701
_d400701